[Event "Unterfranken-ch HB 51th"]
[Site "Sailauf"]
[Date "2000.04.27"]
[Round "5"]
[White "Assmann, Juergen1111"]
[Black "Braunschlaeger, Markus"]
[Result "1-0"]
[WhiteElo "1370"]
[BlackElo "1252"]
[PlyCount "33"]
[EventDate "2000.04.24"]
[EventType "swiss"]
[EventRounds "9"]
[EventCountry "GER"]
[SourceTitle "EXT 2015"]
[Source "ChessBase"]
[SourceDate "2014.11.20"]
[SourceVersion "1"]
[SourceVersionDate "2014.11.20"]
[SourceQuality "1"]

1. d4 d5 2. c4 dxc4 3. e4 e6 4. Bxc4 Nf6 5. Nc3 Bb4 6. Bg5 h6 7. Bd2 Qxd4 8. Bb5+ c6 9. Nf3 Qd6 10. e5 Qc5 11. exf6 Bxc3 12. Bxc3 cxb5 13. Rc1 g6 14. Ba5 Qxc1 15. Qxc1 0-0 16. Qxh6 Nc6 17. Qg7# 1-0

[Event "Unterfranken-ch HB 51th"]
[Site "Sailauf"]
[Date "2000.04.27"]
[Round "6"]
[White "Braunschlaeger, Markus"]
[Black "Maiwald, Achim"]
[Result "1/2-1/2"]
[WhiteElo "1252"]
[BlackElo "926"]
[PlyCount "31"]
[EventDate "2000.04.24"]
[EventType "swiss"]
[EventRounds "9"]
[EventCountry "GER"]
[SourceTitle "EXT 2015"]
[Source "ChessBase"]
[SourceDate "2014.11.20"]
[SourceVersion "1"]
[SourceVersionDate "2014.11.20"]
[SourceQuality "1"]

1. e4 e5 2. Nc3 Nc6 3. Nf3 Bc5 4. Bc4 a6 5. a4 d6 6. d3 h6 7. Be3 Bb4 8. 0-0 Nf6 9. h3 Bd7 10. Ne2 Ne7 11. b3 Qc8 12. Nh2 Bxh3 13. gxh3 Qxh3 14. c3 Bc5 15. Bxc5 dxc5 16. d4 1/2-1/2

[Event "Unterfranken-ch HB 51th"]
[Site "Sailauf"]
[Date "2000.04.26"]
[Round "4"]
[White "Braunschlaeger, Markus"]
[Black "Ullrich, Andreas"]
[Result "0-1"]
[WhiteElo "1252"]
[BlackElo "1606"]
[PlyCount "60"]
[EventDate "2000.04.24"]
[EventType "swiss"]
[EventRounds "9"]
[EventCountry "GER"]
[SourceTitle "EXT 2015"]
[Source "ChessBase"]
[SourceDate "2014.11.20"]
[SourceVersion "1"]
[SourceVersionDate "2014.11.20"]
[SourceQuality "1"]

1. e4 e5 2. Nf3 Nc6 3. Nc3 Bc5 4. Bc4 d6 5. d3 h6 6. Be3 Bb6 7. h3 Nge7 8. Qe2 0-0 9. 0-0-0 Na5 10. d4 Nxc4 11. Qxc4 Be6 12. Qd3 exd4 13. Bxd4 Nc6 14. b3 Nxd4 15. Nxd4 Qf6 16. Rd2 Rad8 17. f3 d5 18. Rhd1 c5 19. Nde2 c4 20. bxc4 dxc4 21. Qxd8 Rxd8 22. Kb2 Rxd2 23. Rxd2 Qe7 24. Nd5 Bxd5 25. Rxd5 Qb4+ 26. Kc1 Qe1+ 27. Kb2 Qxe2 28. Kc1 c3 29. Rd1 Be3+ 30. Kb1 Qxd1# 0-1